000 00566nam a2200193Ia 4500
008 151119s9999||||xx |||||||||||||| ||und||
082 _a28.5
082 _bGKKV14892
100 _aबरो एडगर
245 _aसंपूर्ण टारझन भाग ११
260 _a--
260 _b--
260 _c0
600 _aबरो एडगर
630 _aसंपूर्ण टारझन भाग ११
700 _aबरो एडगर
730 _aसंपूर्ण टारझन भाग ११
942 _cBOOK
999 _c1068356
_d1068353